000 00555nam a2200217Ia 4500
003 LK-CoDNM
005 20241206100528.0
008 010623t1979 xxu||||| |||| 00| 1 eng d
040 _aLK-CoDNM
_dLK-CoDNM
_eLK-CoDNM
041 _aeng
_asin
080 _a294.3(42)
_bJAY
100 _aJayasekara,U.D.
245 _aඑංගලන්තයේ බුද්ධාගම
246 _aBuddhism in England
260 _bC.P.Jayewardena
_c1979
300 _b36p. ; 21 cm
650 _a1979
650 _aEngland
650 _aBuddhism
942 _cBK
999 _c110941
_d110941